000 00581nam a2200193Ia 4500
999 _c15151
_d15151
003 OSt
005 20201103101600.0
008 190216s9999||||xx |||||||||||||| ||und||
020 _a9780415163569
040 _coclc
082 _a809.104
_bWIL/W
100 _aWillhardt, Mark
_96207
245 0 _aWho's Who In Twentieth Century World Poetry /
_cMark Willhardt ; Alan Michael Parker
250 _a1st Ed.
260 _bRoutledge,
_c2000.
_aNew York:
300 _a356p
650 _aEnglish Literature
942 _cBK
_2ddc
_h809.104
_iWIL/W
_k809.104
_mWIL/W